Sanat - " TSNEH" - Juha Tapio - Statistics

Yleistilastot
  • Tätä visaa on pelattu 305 kertaa
  • Keskiarvotulos 146 / 186
Vastaustilastot
Sanat % Oikein
niin
98%
tykkään
98%
että
97%
halkeen"
97%
susta
97%
ja
95%
Ja
95%
"Mä
95%
poika
91%
penkki,
89%
penkki
89%
puisto
89%
tyttö
89%
Tyttö
89%
Puistossa
87%
hiljaisuus
85%
penkillä
85%
sanat
82%
kuin
81%
kurkkuun
81%
Vieressä
81%
takertuu
79%
mut
71%
Puhua
71%
hyvä
70%
ois
67%
pähkinät
64%
kun
61%
on
60%
lausuu:
57%
suu
57%
maistuva
54%
purkalta
53%
Arkana
50%
kuiskaten
50%
kumartuu
50%
toistensa
48%
jotka
44%
sormet
44%
lomaan
43%
lausuttiin
39%
Palelevat
39%
jossain
38%
sydän,
36%
Muistavat
35%
muistavat
35%
tytön
34%
Voi
34%
voi
34%
aina
33%
vielä,
33%
vuosikymmenten
33%
jälkeen
32%
penkin,
31%
sanoisi
31%
tulisi
31%
joku
30%
Kädet
30%
kunpa
30%
totinen
30%
auto,
28%
Laukkaava
28%
ratti
28%
autossa
27%
ohjaa
27%
ottein
27%
vakavin
26%
elämisen
24%
pyörteissä
18%
uurtuneet
18%
Ruuhkassa
17%
Ehtoja vastaavia visoja ei löytynyt
Tulosjakauma
Jokaisen tuloksen saaneiden osuus
Persentiili vastausten määrän mukaan
Tuloshistoriasi
Et ole pelannut tätä visaa